000 00601nam a2200205Ia 4500
003 IN-BaIIA
008 211028s9999 xx 000 0 eng d
020 _a0-471-49531-X
040 _cIIA Library
080 _a539.23
_bKNI
100 _aKnittl, Zdenek
_99409
245 0 _aOptics of thin films
_ban optical multilayer theory
_cZdenek Knittl
260 _aLondon
_bJohn Wiley & Sons
_c1976
300 _a548p.
650 _aNASA Thesaurus
650 _aOptical properties
_93730
650 _aOptics
650 _aThin film physics
_99410
942 _cBK
999 _c5410
_d5410